| 000 | 00451nam a2200181Ia 4500 | ||
|---|---|---|---|
| 005 | 20230824103041.0 | ||
| 008 | 131103s9999 xx 000 0 und d | ||
| 040 | _aLoreto College | ||
| 041 | _aEnglish | ||
| 082 |
_aF _bHIT |
||
| 100 | _aHitchcock,Alfred | ||
| 245 |
_aHaving a wonderful crime _cAlfred Hitchcock |
||
| 260 |
_aNew York _bA Dell Book _c1977 |
||
| 300 | _a224 p. | ||
| 650 | _aFiction in English | ||
| 850 | _aLCLIB | ||
| 942 | _cBK | ||
| 999 |
_c14959 _d65438 |
||